000 00856nam a2200241 i 4500
001 100315
003 ES-MaACL
005 20250721062615.0
007 t|
008 050926s1974 sp ||||1| spa d
100 1 _aMarx, Karl,
_d1818-1883
_978590
245 1 0 _aMiseria de la filosofía /
_cKarl Marx ; prólogo de Diego Abad de Santillán [traducción: Dalmacio Negro Pavón].
260 _aMadrid :
_bJucar,
_c1974.
300 _a304 p., 3 h. ;
_c18 cm.
490 1 _aBiblioteca Júcar ;
_v20
600 0 4 _aProudhon, Pierre-Joseph.
_tSystème des contradictions économiques.
_994053
650 0 7 _aEconomía
_2embne
_912006
700 1 _aAbad de Santillán, Diego,
_d1897-1983
_917923
700 1 _aNegro Pavón, Dalmacio.
_985316
830 0 _aBiblioteca Júcar ;
_v20
_9184565
852 _aES-MaACL
_jE-7810
_bR.91956
999 _c100315
_d100315